FAO forestry paper N.108: A decade of wood energy activities within the Nairobi programme of action

Đã lưu trong:
Sonraí Bibleagrafaíochta
Príomhúdar: FAO
Formáid: Leabhar
Teanga:Undetermined
Foilsithe: Rome FAO 1993
Ábhair:
Clibeanna: Cuir Clib Leis
Gan Chlibeanna, Bí ar an gcéad duine leis an taifead seo a chlibeáil!
Thư viện lưu trữ: Trung tâm Học liệu Trường Đại học Cần Thơ
LEADER 00536nam a2200181Ia 4500
001 CTU_3962
008 210402s9999 xx 000 0 und d
082 |a 634 
082 |b F716/N.108 
100 |a FAO 
245 0 |a FAO forestry paper N.108: A decade of wood energy activities within the Nairobi programme of action 
245 0 |c FAO 
260 |a Rome 
260 |b FAO 
260 |c 1993 
650 |a forests and forestry 
904 |i Nguyễn Quang Điền, 960530 
980 |a Trung tâm Học liệu Trường Đại học Cần Thơ